000 00573nam a2200217 a 4500
001 19516
003 CO-ViMGA
008 141112s2004 ck r 000 u spa d
020 _a8439702310
040 _aCO-ViMGA
_bspa
_cCO-ViMGA
082 0 4 _a821.8 S738ca
100 1 _aStevenson, Robert Luis
_928160
245 1 0 _aCantos de viaje
260 _aMadrid :
_bGrijalbo Mondadori; 1998
300 _a70 p.
490 _aMitos poesia
590 _aForma de adquisición : Premio Mincultura
650 1 4 _aMAR - POESIA
_914935
650 1 4 _aPOESIA INGLESA
942 _2ddc
_cBK
999 _c28656
_d28656